Le bouddhisme ésotérique

Uloženo v:
Podrobná bibliografie
Hlavní autor: Sinnett, A. P (Autor)
Médium: Kniha
Jazyk:francouzština
Vydáno: París Publications Théosophiques 1910
Témata:
Tagy: Přidat tag
Žádné tagy, Buďte první, kdo vytvoří štítek k tomuto záznamu!

MARC

LEADER 00000nam a2200000 a 4500
001 UCP5292
003 CL-VaPUC
008 990903e19100000FR |||||||||||||||||fre|d
082 0 4 |a 294.3  |b SIN  |2 21 
100 0 |a Sinnett, A. P  |e author  |9 433611 
245 1 3 |a Le bouddhisme ésotérique 
300 |a 313 p 
942 |c BK 
945 |d 19990903 00:00:00  |a crobeson 
260 |a París  |b Publications Théosophiques  |c 1910 
650 7 |a BUDISMO  |2 CL-VaPUC  |9 433612 
650 0 |a Ocultismo   |9 265006 
650 0 |a Cosmogonía   |9 268652 
650 7 |a PRACTICAS ESOTERICAS  |2 CL-VaPUC  |9 337269 
583 |a last modification  |c 19990903 00:00:00  |k Rodrigo Vera 
999 |c 283060  |d 283058 
952 |0 0  |1 0  |4 0  |6 294_300000000000000_SIN_1910  |7 0  |8 X  |9 325815  |a BIBHIS  |b BIBHIS  |d 2019-11-20  |i 1357204  |o 294.3 SIN 1910  |p 1357204  |r 2024-01-30  |w 2019-11-20  |y BK_X  |k HIS